Effective reading Reading skills for advanced students
vv
Đã lưu trong:
| Tác giả chính: | |
|---|---|
| Định dạng: | Sách |
| Năm xuất bản: |
Tp.HCM
Nxb Trẻ
1995
|
| Chủ đề: | |
| Tags: |
Thêm thẻ
Không có thẻ, Hãy là người đầu tiên gắn thẻ bản ghi này!
|
| LEADER | 00566nam a2200169 4500 | ||
|---|---|---|---|
| 082 | |a 428.4 |b GR200E | ||
| 100 | |a Simon Greennall | ||
| 245 | |a Effective reading |c Simon Greennall |b Reading skills for advanced students | ||
| 260 | |a Tp.HCM |b Nxb Trẻ |c 1995 | ||
| 300 | |a 456tr. |c 20cm | ||
| 520 | |a vv | ||
| 653 | |a Ngôn ngữ | ||
| 653 | |a Tiếng Anh | ||
| 653 | |a Kỹ năng đọc | ||
| 942 | |2 ddc |c SH | ||
| 999 | |c 11678 |d 11678 | ||
| 952 | |0 0 |1 0 |2 ddc |4 0 |6 428_400000000000000_GR200E |7 0 |8 400 |9 100020 |a qbu |b qbu |c D4 |d 2015-11-30 |g 150000 |o 428.4 GR200E |p 8760.C1 |r 0000-00-00 |w 2015-11-30 |y SH | ||